| 000 | 00757nam a2200253 a 4500 | ||
|---|---|---|---|
| 008 | |||
| 020 | _a0521265797 (cased) | ||
| 049 | _aMAIN | ||
| 090 | _aHF5548.8 | ||
| 100 | 1 | _aSingleton, W. T. | |
| 245 | 1 | 4 |
_aThe mind at work : _bpsychological ergonomics / _cW. T. Singleton. |
| 260 |
_aCambridge : _bCambridge University Press, _c1989. |
||
| 300 |
_axiii, 348 p. ; _c24 cm. |
||
| 504 | _aIncludes bibliographical references. | ||
| 500 | _aincludes index. | ||
| 650 | 0 | _aPsychology, Industrial. | |
| 650 | 0 | _aHuman engineering. | |
| 650 | 0 | _aHuman-machine systems. | |
| 907 |
_a.b10005365 _b09-02-04 _c17-04-03 |
||
| 003 | |||
| 005 | 20230123133115.0 | ||
| 040 | _cNUST | ||
| 942 |
_cBOOKS _kHF5548.8 |
||
| 999 |
_c142862 _d142862 |
||